Matériel roulant du métro parisien en images - Statistiques

Statistiques générales
  • Ce quiz a été pris 44 fois
    43 depuis la dernière actualisation
  • Le résultat moyen est 164 sur 192
Statistiques - réponses
Question Tuile Select % Correct
Ligne 1 Non
100%
Ligne 1 Non
100%
Ligne 1 Non
100%
Ligne 1 Non
100%
Ligne 1 Non
100%
Ligne 1 Non
97%
Ligne 1 Non
97%
Ligne 1 Non
97%
Ligne 1 Non
97%
Ligne 3bis Non
97%
Ligne 3bis Non
97%
Ligne 3bis Non
97%
Ligne 3bis Non
97%
Ligne 2 Non
94%
Ligne 2 Non
94%
Ligne 2 Non
94%
Ligne 2 Non
94%
Ligne 2 Non
94%
Ligne 2 Non
94%
Ligne 2 Non
94%
Ligne 2 Non
94%
Ligne 3bis Non
94%
Ligne 3bis Non
94%
Ligne 3bis Non
94%
Ligne 4 Non
94%
Ligne 4 Non
94%
Ligne 4 Non
94%
Ligne 4 Non
94%
Ligne 4 Non
94%
Ligne 2 Non
91%
Ligne 2 Non
91%
Ligne 2 Non
91%
Ligne 3 Non
91%
Ligne 3 Non
91%
Ligne 3 Non
91%
Ligne 3 Non
91%
Ligne 3 Non
91%
Ligne 3 Non
91%
Ligne 3 Non
91%
Ligne 3 Non
91%
Ligne 3bis Non
91%
Ligne 4 Non
91%
Ligne 4 Non
91%
Ligne 5 Non
91%
Ligne 5 Non
91%
Ligne 5 Non
91%
Ligne 5 Non
91%
Ligne 5 Non
91%
Ligne 5 Non
91%
Ligne 3 Non
89%
Ligne 3bis Non
89%
Ligne 3bis Non
89%
Ligne 5 Non
89%
Ligne 5 Non
89%
Ligne 5 Non
89%
Ligne 5 Non
89%
Ligne 6 Non
89%
Ligne 6 Non
89%
Ligne 6 Non
89%
Ligne 6 Non
89%
Ligne 6 Non
89%
Ligne 7 Non
89%
Ligne 7 Non
89%
Ligne 7 Non
89%
Ligne 7 Non
89%
Ligne 7 Non
89%
Ligne 7 Non
89%
Ligne 7 Non
89%
Ligne 7 Non
89%
Ligne 7bis Non
89%
Ligne 7bis Non
89%
Ligne 7bis Non
89%
Ligne 7bis Non
89%
Ligne 7bis Non
89%
Ligne 7bis Non
89%
Ligne 7bis Non
89%
Ligne 7bis Non
89%
Ligne 12 Non
89%
Ligne 12 Non
89%
Ligne 12 Non
89%
Ligne 12 Non
89%
Ligne 12 Non
89%
Ligne 12 Non
89%
Ligne 12 Non
89%
Ligne 12 Non
89%
Ligne 13 Non
89%
Ligne 13 Non
89%
Ligne 13 Non
89%
Ligne 13 Non
89%
Ligne 13 Non
89%
Ligne 13 Non
89%
Ligne 13 Non
89%
Ligne 13 Non
89%
Ligne 14 Non
89%
Ligne 14 Non
89%
Ligne 14 Non
89%
Ligne 14 Non
89%
Ligne 14 Non
89%
Ligne 14 Non
89%
Ligne 2 Oui
86%
Ligne 3 Non
86%
Ligne 5 Non
86%
Ligne 6 Non
86%
Ligne 7 Non
86%
Ligne 7 Non
86%
Ligne 7bis Non
86%
Ligne 8 Non
86%
Ligne 8 Non
86%
Ligne 8 Non
86%
Ligne 8 Non
86%
Ligne 8 Non
86%
Ligne 8 Non
86%
Ligne 8 Non
86%
Ligne 8 Non
86%
Ligne 11 Non
86%
Ligne 11 Non
86%
Ligne 11 Non
86%
Ligne 11 Non
86%
Ligne 11 Non
86%
Ligne 12 Non
86%
Ligne 13 Non
86%
Ligne 13 Non
86%
Ligne 13 Non
86%
Ligne 14 Non
86%
Ligne 14 Non
86%
Ligne 6 Non
83%
Ligne 7 Non
83%
Ligne 7 Oui
83%
Ligne 7bis Non
83%
Ligne 8 Non
83%
Ligne 8 Non
83%
Ligne 9 Non
83%
Ligne 9 Non
83%
Ligne 9 Non
83%
Ligne 9 Non
83%
Ligne 9 Non
83%
Ligne 9 Non
83%
Ligne 9 Non
83%
Ligne 9 Non
83%
Ligne 10 Non
83%
Ligne 10 Non
83%
Ligne 10 Non
83%
Ligne 10 Non
83%
Ligne 10 Non
83%
Ligne 10 Non
83%
Ligne 10 Non
83%
Ligne 10 Non
83%
Ligne 11 Non
83%
Ligne 11 Non
83%
Ligne 11 Non
83%
Ligne 14 Non
83%
Ligne 14 Non
83%
Ligne 14 Oui
83%
Ligne 3 Non
80%
Ligne 3bis Non
80%
Ligne 5 Oui
80%
Ligne 6 Non
80%
Ligne 6 Non
80%
Ligne 7bis Non
80%
Ligne 8 Non
80%
Ligne 9 Non
80%
Ligne 9 Non
80%
Ligne 11 Non
80%
Ligne 12 Non
80%
Ligne 13 Oui
80%
Ligne 1 Non
77%
Ligne 3 Oui
77%
Ligne 4 Non
77%
Ligne 9 Non
77%
Ligne 9 Oui
77%
Ligne 11 Non
77%
Ligne 1 Oui
74%
Ligne 7bis Oui
74%
Ligne 8 Oui
74%
Ligne 10 Non
74%
Ligne 10 Non
74%
Ligne 11 Oui
74%
Ligne 12 Non
74%
Ligne 14 Non
74%
Ligne 10 Non
71%
Ligne 12 Oui
71%
Ligne 10 Oui
69%
Ligne 4 Non
66%
Ligne 6 Non
66%
Ligne 4 Oui
63%
Ligne 6 Oui
63%
Ligne 3bis Oui
57%
Ligne 6 Oui
57%
Ligne 1 Non
54%
Ligne 4 Oui
54%
Ligne 11 Non
46%
Ligne 4 Oui
43%
Aucun quiz correspondant
Distribution des résultats
% des personnes avec chaque résultat
Percentile par nombre de réponses
Votre historique - résultats
Vous n’avez pas pris ce quiz depuis la dernière actualisation